[Event "Altibox Chess"]
[Site "Norway"]
[Date "2020.10.08"]
[Round "7.1"]
[White "Carlsen, Magnus"]
[Black "Caruana, Fabiano"]
[Result "1-0"]
[WhiteElo "2863"]
[BlackElo "2828"]
[EventDate "2020.??.??"]
[Annotator "Bojkov,Dejan"]
[PlyCount "101"]
[Beauty "6940667150855"]
[EventType "schev"]
[EventRounds "2"]
[EventCountry "NOR"]

1.d4 Nf6 2.c4 e6 3.Nc3 Bb4 4.Qc2 {A principled line in the Nimzo-Indian defense which has been tested at world championship matches.} 4...O-O 5.a3 Bxc3+ 6.Qxc3 d5 7.Bg5 dxc4 8.Qxc4 b6 9.Rd1 Ba6 10.Qa4 h6 11.Bh4 Qd7 {Black's lead in development is translated into a seemingly equal endgame.} ( {No doubt both players studied in-depth the following sharp blitz game:} 11...Bb7 12.Nf3 Nbd7 13.Ne5 Qe8 14.Nxd7 Qxd7 15.Qxd7 Nxd7 16.f3 f5 17.e3 Bd5 18.b4 c5 19.dxc5 bxc5 20.Bb5 Ne5 21.Bg3 a6 22.Be2 Nd7 23.e4 fxe4 24.fxe4 Bc6 25.Rd6 Ba4 26.Bc4 Kh8 27.Bxe6 Nf6 28.bxc5 Nxe4 29.Bd5 Nxg3 30.hxg3 Rac8 {which White eventually won, Mamedyarov,S (2764)-Alekseenko,K (2696) chess.com 2020} ) 12.Qc2 Qc6 13.Qxc6 Nxc6 14.Bxf6 gxf6 15.e3 Bxf1 16.Kxf1 Na5 17.Nf3 Nc4 $146 ( {In an earlier game Black was holding after} 17...Rac8 18.Ke2 c5 19.dxc5 bxc5 20.Rd7 Nc4 21.Rc1 Nxb2 22.Rc2 Na4 23.Rxa7 Ra8 24.Rxa8 Rxa8 25.Nd2 Nb6 26.Rb2 Ra6 {Wang,H (2763)-Radjabov,T (2765) chess.com 2020} ) 18.Rb1 {Carlsen thought that the arising position is unpleasant for Caruana and played the most obvious, logical moves.} ( {Kramnik and Polgar suggested instead the curious idea} 18.Ke2 Nxb2 19.Rb1 {The knight is locked, and White can regain the pawn after} 19...Na4 ( {However} 19...Nc4 $1 20.Rhc1 Nd6 21.Rxc7 Rfc8 22.Rd7 ( {Not} 22.Rbc1 Rxc7 23.Rxc7 Nb5 {which wins a pawn for Black.} ) 22...Rd8 {holds for Black.} ) 20.Rhc1 a6 21.Rxc7 b5 22.Nd2 {"Might be unpleasant for Black" (Kramnik). "This is unpleasant for sure" (Carlsen).} ) ( 18.Rc1 Nxb2 19.Rc6 b5 20.Nd2 {(Carlsen)} ) 18...c5 19.Ke2 Rfc8 20.Rhc1 Nd6 {After this Caruana's position becomes really unpleasant.} ( {Carlsen was expecting instead} 20...cxd4 21.Nxd4 {but thought that it is still unpleasant for Caruana as there is good chance that the rooks are traded, and in the pure knight endgame it will be still difficult for Black to draw. If we prolong the line a bit though:} 21...Kf8 22.Rc2 Nd6 23.Rbc1 Rxc2+ 24.Rxc2 Ke7 $1 25.Rc7+ Kd8 {we see that with just one rook on the board White can do little damage to the opponent's position.} ) 21.dxc5 bxc5 22.Rc2 {The many weaknesses leave Black in a passive position. It is evident that Carlsen will be the first one to start the captures and most likely win a pawn in a hypothetical rook endgame.} 22...Kf8 23.Nd2 c4 24.Rbc1 Rab8 25.Kf3 c3 ( {After} 25...Rd8 $5 {The world champion intended} 26.Nxc4 Nxc4 27.Rxc4 Rxb2 28.Rc8 Ke7 ( 28...Ke8 {leads to the same.} ) 29.Rxd8 Kxd8 {And then} 30.Rc4 {"Going for the h6-pawn" (Carlsen). Still, this might have been Black's best chance as rook endgames often provide good drawing chances for the defender.} ( {Or} 30.Rc5 {Kramnik.} ) ) ( {At the post-mortem Polgar and Kramnik discussed the following line with the world champion:} 25...f5 26.Nxc4 Rxc4 27.Rxc4 Nxc4 28.Rxc4 Rxb2 29.Rc7 a5 30.Ra7 Ra2 31.Rxa5 {Carlsen then thought about pushing the pawn all the way to the seventh rank:} 31...Kg7 32.Ra8 Kf6 33.a4 Kg7 34.a5 Kf6 35.a6 Kg7 36.a7 Kf6 {Then White's plan was to bring the king to h5:} 37.Kg3 Kg7 ( {If} 37...Ra4 {(Kramnik) then went} 38.f4 $1 Ra2 39.Kh4 Kg7 40.h3 Kh7 41.g4 fxg4 42.hxg4 f5 ( {Not} 42...Kg7 43.e4 {followed by e4-e5 and f4-f5-f6 with a win.} ) 43.gxf5 exf5 {Then at some point White will go for the f-pawn. If he can do this, he will be winning.} ) 38.Kh4 {followed by h2-h3 and g2-g4. Later White can further expand with the advance of the e- and the f-pawns.} ) ( {On the other hand, activity is not possible as after} 25...Rc5 26.b4 {White defends his weakness then.} ) 26.bxc3 Rc5 {Now White quickly consolidates.} ( {The last chance is} 26...Nc4 {(Carlsen said he was "shocked" Caruana didn't go for this.)} 27.Nxc4 Rxc4 {although there too} 28.Rd1 Ke7 29.Rd4 Rbc8 30.Rxc4 Rxc4 31.Rb2 Ra4 32.Rb3 {(Carlsen) is problematic for Black.} ) 27.c4 f5 28.Ke2 {The king is transferred for the defense.} 28...Ke7 29.Kd3 Kd7 30.Rc3 Rc6 ( {The most resilient is:} 30...Ke7 31.Rb3 {although there too White should convert his extra pawn.} ) 31.c5 Ne8 32.Nf3 Ra6 ( {Or} 32...f6 33.Nd4 {with a decisive edge.} ) 33.Ne5+ Ke7 34.Ke2 Nf6 35.R1c2 Nd5 36.Rd3 Rc8 37.Rb3 Rc7 38.Rc4 Ra5 39.Nd3 {White consolidated, and the win is only a question of time. a3-a4 and Rb3-b5 are on the agenda; therefore, Caruana tries the desperate...} 39...e5 40.Nxe5 Raxc5 41.Rxc5 Rxc5 42.Rb7+ Ke6 43.Nxf7 {...but that does not promise Black enough as Carlsen quickly consolidates again:} 43...Ra5 44.Nd8+ Kd6 45.Rb3 Ra6 46.Nf7+ Kc5 47.Ne5 h5 48.Kd2 h4 49.Nd3+ Kc4 50.Kc2 Rd6 51.Nf4 1-0

[Event "Altibox Chess"]
[Site "Stavanger"]
[Date "2020.10.10"]
[Round "9.1"]
[White "Duda, Jan Krzysztof"]
[Black "Carlsen, Magnus"]
[Result "1-0"]
[WhiteElo "2757"]
[BlackElo "2863"]
[EventDate "2020.??.??"]
[Annotator "Bojkov,Dejan"]
[PlyCount "125"]
[Beauty "6258862072919"]
[EventType "team-tourn"]
[EventCountry "NOR"]

1.e4 c6 {"I did not expect the Caro-Kann at all." (Duda)} 2.d4 d5 3.Nc3 dxe4 4.Nxe4 Nf6 5.Nxf6+ exf6 {Twenty years back this line was considered dubious for Black as the assumption was White will be structurally way better. The simplest plan is to trade everything and achieve a won pawn endgame. Moreover, unlike the similar pawn construction as in the Ruy Lopez Exchange, Black lacks the bishop pair to compensate for the ruined pawn structure. However, recent GM practice has proved that Black has serious arguments too, mainly the chance to play on both flanks.} 6.c3 Bd6 7.Bd3 O-O 8.Qc2 Re8+ 9.Ne2 ( {Maybe Carlsen wanted to pay tribute to the commentators of the day by following in their footsteps:} 9.Be3 h6 10.Nf3 Bf4 11.Qe2 c5 12.dxc5 Qc7 13.O-O-O Bxe3+ 14.fxe3 Qxc5 15.Nd4 Nc6 16.Nxc6 bxc6 17.Bc4 Be6 18.Bxe6 Rxe6 19.Rd3 Rae8 {Svidler,P (2723)-Kramnik,V (2753) chess24.com 2020} ) 9...h5 10.Be3 Nd7 11.O-O-O b5 {"I totally forgot about this idea." (Duda) "I knew such an idea exists, but did not bother analyzing it seriously."} 12.d5 {"The first stupid thing I did was that I spent 20 minutes on calculating this move (and the recapture), and then Magnus played c6-c5 at once." (Duda)} ( {Instead, the former world champion suggested super-aggressive kingside play with} 12.g4 $5 {(Kramnik)} 12...hxg4 13.h3 g3 14.Rhg1 {with the brilliant point} ( 14.Rdg1 $5 ) 14...Rxe3 ( {Perhaps Black needs to defend patiently with} 14...gxf2 15.Bxf2 Nb6 ) 15.fxe3 Qc7 16.Nxg3 $1 Bxg3 17.Qg2 {(Kramnik)} ) 12...c5 13.Bxb5 Rb8 14.c4 a6 ( {White expected instead the positional sacrifice} 14...Rxe3 {(Also recommended by Kramnik and Svidler.)} 15.fxe3 Ne5 16.h3 {"It is very difficult to play as White." (Duda) The computer disagrees and likes the material better (no major surprise here), but it is evident that Black can mount pressure easily and enjoy his initiative thanks to his safer king.} ) 15.Ba4 Re7 $146 {Only this is a novelty. The rook is getting ready to join the queenside assault.} ( {The earlier game went} 15...Re5 16.Nc3 Nb6 17.Bb3 Bf5 18.Qd2 a5 19.a3 Nxd5 20.Nxd5 Rxb3 21.Nc3 Rb6 22.Nb5 {with unclear play, Ivic,V (2487)-Hansen,T (2423) Porto Carras 2018} ) 16.Ng3 Ne5 ( 16...Nb6 17.Bc6 g6 18.Ne4 Rxe4 19.Qxe4 Bf5 {(Duda)} ) 17.Ne4 {Now that the knight got centralized, White was happy.} ( {However, the prophylactic} 17.Bd2 {intending to meet} 17...Reb7 {with} 18.Bc3 {would have been better for White instead.} ) 17...Reb7 $1 {After this, Duda thought that Carlsen can "play whatever he wants and will always have positional compensation."} 18.b3 ( {Duda spent time calculating} 18.Qc3 {but did not like the consequences of} 18...Rb4 ( 18...Rxb2 19.Bb3 $1 ) 19.b3 Nxc4 $1 {(Svidler)} ) ( {Instead} 18.Nxd6 Rxb2 {"is pretty bad for White." (Duda)} ) 18...Rb4 {A surprise for Duda.} ( {The Polish GM expected} 18...Bf5 {and did not know what to do:} 19.f3 {can be met with} ( {Another idea that the Polish GM considered was the positional queen sacrifice} 19.Rhe1 Ng4 20.Nxd6 Bxc2 21.Nxb7 Rxb7 22.Kxc2 {but there too Black seems better.} ) ( {The commentators had a better idea instead:} 19.Bd2 $1 {(Kramnik, Svidler)} 19...Ng4 20.f3 ( {However, here everyone missed the excellent} 20.Rhf1 $1 Nxh2 21.Rh1 $1 {maneuver when White is winning after} 21...Ng4 22.Rxh5 ) 20...Nf2 21.Nxf2 Bxc2 22.Kxc2 {"I do not know if White is any worse." (Kramnik)} ) 19...Bxe4 20.Qxe4 Re7 $1 {with a strong initiative.} ) 19.Bd2 Rxa4 $1 {Another nice positional exchange sacrifice. The white king is exposed.} 20.bxa4 Bf5 21.Rde1 {"I thought I am in a very good shape here. I was kind of very optimistic. " (Duda)} 21...h4 {And indeed, now White is better.} ( {Perhaps Carlsen thought that he has too little in the line:} 21...Ng4 22.f3 ( {Here} 22.Rhf1 {is met strongly with} 22...Be5 $1 ) 22...Bxe4 23.Rxe4 Nf2 24.Rhe1 Nxe4 25.Qxe4 {with equality after both} 25...Qd7 ( {or} 25...Bxh2 {but that is the way to play it.} ) ) 22.h3 Ng6 23.Re3 {White has consolidated and even though the g2-pawn can be attacked, he can finally breathe freely. The game is approaching the time-trouble phase.} 23...Nf4 24.g4 ( {If White wanted to play safe, he could have chosen} 24.g3 Nxh3 25.Rxh3 ( {Here} 25.Rf3 $1 {wins for White, with the idea} 25...Bg4 26.Nxd6 Qxd6 27.Rb3 ) 25...Bxh3 26.Nxd6 Qxd6 27.gxh4 {with equality. (Kramnik, Svidler)} ) 24...Bg6 25.Kd1 $3 {"A very nice move." (Kramnik) "A clever way to deal with the knight jumps." (Svidler)} 25...f5 {A natural attack, but then the black king is getting weak too.} ( {Best is} 25...Qd7 $5 {(Duda) in order to avoid the rook trade with} 26.Rb3 Re8 27.Re1 Nxh3 $1 {(Svidler)} ) 26.Nxd6 Qxd6 27.gxf5 Bh5+ 28.f3 Qf6 29.Bc3 ( 29.Qe4 $5 Qa1+ 30.Bc1 Rb1 31.Kd2 $1 {is there too.} ) 29...Qg5 30.Qe4 {"A very stupid move." (Duda)} ( 30.Rhe1 $1 {would have been more natural, but the text move does not spoil that much.} ) 30...Qg2 ( {The commentators and Duda suggested instead the improving moves} 30...f6 $1 ) ( {or} 30...Kh7 $1 {when Carlsen's game would be even easier in time trouble.} ) 31.Rhe1 ( {The Polish GM wanted to checkmate his mighty opponent a la Carlsen with} 31.Qxf4 Qxh1+ ( {And while checking the lines, he saw he blundered something else...} 31...Rb1# ) 32.Kd2 Rb1 33.Re8+ Kh7 34.Qh6+ Kxh6 35.Rh8+ {but then realized that the king can escape with} ) 31...Qxa2 {An obvious move, and a blunder.} ( {"It is never too late to make a good positional move," said Kramnik, suggesting} 31...f6 $5 {although then} 32.d6 {should be much better for White.} ) 32.Qc2 Qxc4 33.Re8+ Kh7 ( {Apparently, the world champion missed from afar:} 33...Rxe8 34.Rxe8+ Kh7 35.Rh8+ $1 Kxh8 36.Bxg7+ {and the queen drops.} ) 34.Rxb8 Qxd5+ 35.Qd2 Bxf3+ 36.Kc1 Qxf5 ( {Or a study-like mate in case of} 36...Nd3+ 37.Kb1 Qxf5 38.Rh8+ $1 Kxh8 39.Qh6+ Qh7 40.Re8# ) 37.Re3 {There are still many checks and threats against the white king, but the two rooks are too much to handle.} 37...Ne2+ 38.Kb2 Nxc3 39.Qxc3 Qf4 40.Qd3+ f5 41.Rf8 Qb4+ 42.Kc1 Be4 43.Qb3 ( 43.Rxe4 $1 fxe4 44.Qd8 {would do as well.} ) 43...Qd4 44.Qc3 Qd6 45.Rf7 Qg6 46.Rd7 Qg1+ 47.Kb2 c4 48.Rxe4 $1 {No more threats. Duda converts the extra rook.} 48...fxe4 49.Rd4 Qf2+ 50.Qd2 c3+ 51.Kxc3 Qg3+ 52.Kb2 Qxh3 53.Rxe4 Qg3 54.Qd4 Qg2+ 55.Kc3 Qf3+ 56.Kb4 Qf8+ 57.Ka5 Qf5+ 58.Kxa6 g5 59.a5 h3 60.Re7+ Kg6 61.Qg7+ Kh5 62.Qh7+ Kg4 63.Re4+ 1-0

[Event "Altibox Chess"]
[Site "Stavanger"]
[Date "2020.10.11"]
[Round "11.2"]
[White "Aronian, Levon"]
[Black "Caruana, Fabiano"]
[Result "0-1"]
[WhiteElo "2767"]
[BlackElo "2828"]
[EventDate "2020.??.??"]
[Annotator "Bojkov,Dejan"]
[PlyCount "76"]
[Beauty "7767335113818"]
[EventType "team-tourn"]
[EventCountry "NOR"]

1.e4 c5 2.Nf3 e6 3.c3 {An interesting opening choice by Aronian.} 3...d5 4.exd5 Qxd5 5.d4 Nf6 6.Na3 Nc6 7.Be3 cxd4 8.Nb5 Qd7 9.Nbxd4 {In this line White is aiming for a slight opening advantage, thanks to his queenside majority.} 9...a6 ( {In a recent GM game, Black did well after} 9...Nd5 10.Bd2 Bd6 11.Nxc6 bxc6 12.Bd3 Rb8 13.Qc2 h6 14.O-O c5 15.Rad1 Qc7 16.c4 Nb4 17.Bxb4 Rxb4 18.Rfe1 O-O 19.b3 Rb6 20.Qe2 Rd8 {Van Foreest,J (2644)-Duda,J (2758) Wijk aan Zee 2020} ) 10.Bd3 Bd6 11.O-O Ne7 $146 {"I was really happy I got a fight out of the opening." (Caruana) Black wants to preserve as many pieces as he can.} ( {Most likely both players were unaware of this game:} 11...O-O 12.Re1 Qc7 13.Nxc6 bxc6 14.Qa4 Nd5 15.Qh4 h6 16.Bd2 Rb8 17.Rab1 Bf4 18.Bxf4 Nxf4 {Kartsev,A (2189)-Hoffmann,M (2424) Germany 2013} ) 12.Qc2 O-O 13.Bg5 Ng6 {Black is OK with the doubled kingside pawns as long as the knight is around to shield the king.} 14.Rad1 Qc7 {"I kind of liked my position. I felt like I had a lot of potential here. I also had more time on the clock; he was hesitating a lot." (Caruana)} 15.Rfe1 Bd7 16.g3 Rfe8 17.Bxf6 gxf6 18.h4 {However, Aronian is also happy with the weakened black kingside and launches an immediate attack.} 18...Kh8 {Too ambitious. Black is downplaying the opponent's threats.} 19.Qd2 Bf8 20.h5 Ne7 {Caruana was very proud of this maneuver but missed Aronian's next move:} 21.Bc2 $1 {"I need one move basically. If I can get Re8-d8 and Qc7-c5, my position is amazing." (Caruana) Qd2-d3 is a strong threat, and if f6-f5, White can simply capture the pawn with the knight.} 21...Red8 22.Qd3 f5 {At this point Aronian thought that he was close to winning. (Caruana) And he was right!} 23.g4 {"A very surprising move." (Kramnik) "I was very happy to see this. I thought it was not a good move." (Caruana)} ( {Black was quite worried about} 23.Ng5 $1 {Rightly so! After} 23...Be8 {Caruana mainly considered} 24.Qf3 ( {The American rejected} 24.Qe3 $1 {on logical grounds as} 24...Nd5 {is coming with tempo. Still,} 25.Ndxe6 $1 {is strong for White, for example} 25...fxe6 ( {Or} 25...Nxe3 26.Nxc7 Nxd1 27.Nxa8 Nxb2 28.Nc7 {and White is clearly better.} ) 26.Qxe6 {with three pawns for the piece and a huge attack.} ) ( {However, it seems as both players missed the powerful} 24.Qe2 $3 {with the unstoppable threat of Nxe6! Say,} 24...Qb6 25.Ndxe6 fxe6 26.Rxd8 Rxd8 27.Nxe6 Bf7 28.Qe5+ Kg8 29.Nxf8 $1 {and wins.} ) 24...Bh6 25.Ngxe6 fxe6 26.Nxe6 Rxd1 {Black calculated this far and believed that his opponent is risking hugely and may not have enough for the piece. But} 27.Qxd1 $1 {clarifies matters as} 27...Qd7 {loses material due to} 28.Qxd7 Bxd7 29.Nc5 ) ( {Or} 23.Ne5 Be8 {which is weaker, as the sacrifice on e6 no longer works.} ) 23...f6 $1 {"I stopped considering other moves. It was a direct, positional choice to stop Nf3-g5." (Caruana)} 24.g5 {"This feels wrong." (Caruana)} ( {In case of} 24.gxf5 e5 {Black accurately calculated the lengthy lines} 25.Nxe5 ( {"I thought the most interesting line was:"} 25.Rxe5 $3 fxe5 26.Ng5 {"At first I could not believe it."} 26...Bxf5 ( {Therefore, Caruana intended} 26...Be8 27.f6 Ng6 ) ( {But there are other good defensive moves like} 26...Bb5 {with the idea} 27.Nxb5 Rxd3 28.Nxc7 Rxd1+ 29.Bxd1 Rc8 ) ( {Or} 26...e4 $5 27.Qxe4 Bc6 28.Qe6 Bd5 29.Nf7+ Kg8 30.Nh6+ Kg7 31.f6+ {with perpetual as Black cannot afford to be greedy:} 31...Kxh6 $2 {loses to} 32.Qe3+ Kxh5 33.f4 ) 27.Qg3 {"is very good for White."} ) 25...fxe5 26.f6 Bf5 27.Qg3 Bxc2 28.fxe7 Bxd1 29.exd8=Q Qxd8 {"This is what I was basically counting on." (Caruana)} 30.Qxe5+ ( {In the line} 30.Ne6 Qd6 31.Ng5 Bxh5 {"It is very important that the bishop comes back in time to defend." (Caruana)} ) 30...Bg7 31.Qxg7+ Kxg7 32.Ne6+ Kf6 33.Nxd8 Rxd8 {and the rook protects the bishop. (Caruana)} ) ( {This was, however, the last moment when Aronian could have claimed the advantage with} 24.Nh4 $1 {in order to meet} 24...Qf4 {with} 25.Qg3 $1 Qxg3+ 26.fxg3 ) 24...Qf4 $1 {Now Black is safe and is playing for a win. On top of this, Aronian was very low on time.} 25.gxf6 Qg4+ 26.Kf1 Qh3+ 27.Ke2 Nd5 ( {At first, Caruana thought he was winning with} 27...Bb5 28.c4 Nd5 {but then he spotted} 29.Nxe6 $3 {"which is probably winning for White." (Caruana)} ) 28.Qd2 Bb5+ 29.Nxb5 Qg4 {Black was happy to see this move in advance.} 30.Qg5 {The only move.} ( 30.Nd4 Nf4+ 31.Ke3 Bh6 {"felt winning (for Black)" (Caruana)} ) 30...Nf4+ 31.Ke3 Ng2+ 32.Ke2 Qc4+ 33.Bd3 ( {With seconds on the clock, Aronian probably did not even consider} 33.Rd3 $1 Nf4+ 34.Kf1 Nxd3 35.Nbd4 $3 {but this is unclear as none of the discovered checks are decisive.} ) 33...Rxd3 {A psychological shot that works well.} 34.Rxd3 ( {Even with plenty of time on the clock, White would not be eager to allow the countless discovered checks after} 34.Ne5 $3 {but this would have saved White! Caruana intended} 34...Re3+ ( {Objectively it should be a draw after} 34...Nf4+ 35.Kf1 Rg3+ 36.Nxc4 Rxg5 ) 35.Kd2 Rxe5 36.Rxe5 axb5 ( 36...Nh4 {does not work due to} 37.Nd6 $1 ( {Not} 37.Nd4 Qxd4+ {(Kramnik)} ) ) 37.Qxg2 {But that is winning for White as he can defend with} 37...Rd8+ 38.Ke1 ) 34...Nf4+ {Now Black is winning.} 35.Ke3 ( {White does not get enough after} 35.Qxf4 Qxf4 36.Nd6 Bxd6 37.Rd4 Qh6 38.Rxd6 Qxf6 ) 35...Qe4+ 36.Kd2 Qxd3+ 37.Kc1 Qxf3 38.f7 ( {Caruana even noticed White's last chance:} 38.Nd6 h6 ( {Not} 38...Qxh5 39.Qxf4 Bh6 40.Nf7+ ) 39.Nf7+ Kh7 40.Qg6+ Nxg6 41.hxg6+ Kg8 $1 ( 41...Kxg6 42.Ne5+ ) ) 38...Qg4 0-1